000 00286nam a22001337a 4500
008 170728b xxu||||| |||| 00| 0 eng d
020 _a9783486252941
041 _aeng
080 _a004
100 _a31
101 _aSHK
245 _aCOMPILER-BAU TEIL 1
_cAHO,A.V
942 _2udc
_cBK
999 _c22092
_d22092